000 00272nam a2200109Ia 4500
008 190919s9999||||xx |||||||||||||| ||und||
100 _aNandakumar Ankarath
245 0 _aUnderstanding IFRS Fundamentals
260 _aNew York
_bJohn
_c1998
300 _a466
942 _cBK
999 _c11583
_d11583